|
|
|
|
| LEADER |
00912nam a2200217 a 4500 |
| 001 |
4768281 |
| 008 |
090512t19841983enkaf b 000 0 eng d |
| 010 |
|
|
|a 85980132
|
| 020 |
|
|
|a 0903031981 (pbk.)
|
| 040 |
|
|
|a DLC
|c DLC
|d DLC
|
| 082 |
0 |
0 |
|a 338.4/7664122/091724
|2 19
|
| 100 |
1 |
|
|a Kaplinsky, Raphael.
|
| 245 |
1 |
0 |
|a Sugar processing :
|b the development of a Third-World technology /
|c Raphael Kaplinsky.
|
| 260 |
|
|
|a London :
|b Intermediate Technology Publications ;
|a Nairobi :
|b Africa Book Services,
|c 1984, c1983.
|
| 300 |
|
|
|a ix, 148 p., [8] p. of plates :
|b ill. ;
|c 22 cm.
|
| 504 |
|
|
|a Bibliography: p. 146-148.
|
| 541 |
1 |
|
|e 00002731
|
| 650 |
|
0 |
|a Sugar
|x Manufacture and refining.
|
| 852 |
4 |
|
|a <add your library>
|j <shelf mark>
|
| 999 |
|
|
|c 644
|d 644
|
| 952 |
|
|
|0 0
|1 0
|2 ddc
|4 0
|6 338_476641220000000_KAP_1983
|7 0
|9 11309
|a BRACUL
|b BRACUL
|c GEN
|d 2010-06-28
|g 1410.00
|l 0
|o 338.47664122 KAP
|p 3010002731
|r 2010-06-28
|t 1
|w 2010-06-28
|y BK
|